000 01454nam a2200349 i 4500
001 196958
003 ES-MaACL
005 20250812063136.0
008 250227s2000 sp | ||| ||spa
016 7 _abimoBNE20002062628
_2SpMaBN
017 _aM 32628-2000
_bOficina Depósito Legal Madrid
020 _a8460709582
035 _a(OCoLC)433358237
035 _a(SpMaBN)bimo0001622599
040 _aSpMaBN
_bspa
_cSpMaBN
_erdc
080 _a001.94 Atlántida
100 1 _aZamarro Sanz, Paulino
_9239690
_eaut
245 1 0 _aDel estrecho de Gibraltar a la Atlántida :
_bclaves que han hecho posible determinar la extensión y situación exactas de la Atlántida /
_cPaulino Zamarro Sanz.
260 _a[Alcorcón (Parque Bujaruelo, 11)] :
_bZamarro, P.,
_c[2000].
300 _a179 páginas :
_bilustrado., gráficos, mapas ;
_c20 cm.
336 _2rdacontent
_atexto
337 _2rdamedia
_asin mediación
338 _2rdacarrier
_avolumen
500 _aIncluye (páginas 151-175) diálogos de Platón sobre la Atlántida
504 _aBibliografía: páginas 177-179
650 4 _aAtlántida
_2embne
_910406
852 _aES-MaACL
_cDEPOJ
_jN-10388
_xEncuadernación rústica con solapas
_9206510
_hDonación: Editorial
942 _cMONOGRAFIA
_n0
999 _c196958
_d196958